| 000 | 00840cem a22002774a 4500 | ||
|---|---|---|---|
| 008 | |||
| 020 | _a0073379727 (pbk. ) | ||
| 049 | _aMAIN | ||
| 090 |
_aG1046.F1 _bALL |
||
| 100 | 1 | _aAllen, John Logan. | |
| 245 | 1 | 0 |
_aStudent atlas of world politics / _h[cartographic material] / _cJohn L. Allen. |
| 250 | _a8th ed. | ||
| 260 |
_aBoston : _bMcGraw-Hill, _cc2008. |
||
| 300 |
_axv, 236 p. : _bcol ill. ; _c28 cm. |
||
| 440 | _aMcGraw-Hill higher education. | ||
| 504 | _aIncludes bibliographical references. | ||
| 500 | _aIncludes index. | ||
| 650 | 0 |
_aWorld politics _vMaps. |
|
| 650 | 0 |
_aGeopolitics _vMaps. |
|
| 650 | 0 |
_aMilitary geography _vMaps. |
|
| 907 |
_a.b10287929 _b28-02-12 _c23-11-10 |
||
| 003 | |||
| 005 | 20230123125232.0 | ||
| 040 | _cNUST | ||
| 942 |
_cBOOKS _kG1046.F1 _mALL |
||
| 999 |
_c138079 _d138079 |
||